NBA Players by Picture - Spain - Statistics

General Stats
  • This quiz has been taken 36 times
  • The average score is 10 of 20
Answer Stats
Picture Answer % Correct
Marc Gasol
97%
Pau Gasol
97%
Ricky Rubio
84%
Serge Ibaka
78%
Santi Aldama
72%
Juancho Hernangomez
69%
Willy Hernangómez
69%
José Manuel Calderón
56%
Rudy Fernández
56%
Nikola Mirotić
53%
Alex Abrines
41%
Juan Carlos Navarro
38%
Sergio Rodríguez
34%
Usman Garuba
34%
Lorenzo Brown
28%
Jorge Garbajosa
22%
Victor Claver
22%
Fernando Martín
19%
Raül López
16%
Johnny Rogers
3%
No matching quizzes found
Score Distribution
Percent of People with Each Score
Percentile by Number Answered
Your Score History
You have not taken this quiz